| 000 | 01598cam a22003854i 4500 | ||
|---|---|---|---|
| 003 | PE-LiUPU | ||
| 005 | 20250731183406.0 | ||
| 008 | 171120s2007 xxua r0 000 0 ing d | ||
| 020 | _a9780415384827 | ||
| 035 | _a(Sirsi) a240132 | ||
| 040 |
_aPE-LIUPU _bspa _cPE-LIUPU _erda |
||
| 082 | 0 | 4 |
_a720.1 _bH52 _221 |
| 100 | 1 |
_aHight, Christopher, _eautor. |
|
| 245 | 1 | 0 |
_aArchitectural principles in the age of cybernetics / _cChristopher Hight. |
| 264 |
_aLondon : _bRoutledge, _c2007. |
||
| 300 |
_a239 páginas : _bilustraciones ; _c24 centímetros |
||
| 336 |
_atext _2rdacontent |
||
| 337 |
_aunmediated _2rdamedia |
||
| 338 |
_avolume _2rdacarrier |
||
| 505 | 0 | _aThe phenomenal origin of architecture -- The structural continuities of classicism -- Modulor residues of history -- A mid-century -- renaissance -- The schema and the diagram -- The symbolic strikes -- Measured response -- Reflections of the modulor -- Measuring vortices. | |
| 526 | _aP158 | ||
| 526 | _aP146 | ||
| 526 | _aP17 | ||
| 526 | _aP12 | ||
| 526 | _aP06 | ||
| 526 | 8 |
_iPrograma académico : _5PE-LiUPU |
|
| 541 | _g003-1760; | ||
| 650 | 1 | 4 |
_aArquitectura _xFilosofía. |
| 650 | 2 | 4 | _aHumanismo en arquitectura. |
| 650 | 2 | 4 | _aRazón y proporción. |
| 910 |
_adbm _bksl _cksl _d20171120 |
||
| 596 | _a1 | ||
| 942 |
_2ddc _cBOOK |
||
| 999 |
_a720.1 H52 _wLC _c25795 _i77067 _f2021-11-9 _g4 _lCCODEBUL1 _mBUL _p66.23 _r0 _sY _tBOOK _u2017-11-20 _xINGENIERIA _PP06 _0COMPRA _o.STAFF. Colección Ingeniería y Arquitectura _d25795 |
||
| 980 |
_81 _gALBERTO SANCHEZ Responsable de Automatización |
||